LEADER 01321nam a2200313 u 4500 001 000000022921 003 CaOOAMICUS 005 20070226111159.0 008 950424s1968 ch u000 u fre u 035 $a10576813 040 $aPUL$bita 100 1 $aJacob, Edmond.$0(OLS)http://pul/name/19413 245 10$aThéologie de l'Ancien Testament /$cEdmond Jacob. 250 $a2. éd. revue et augmentée. 260 $aNeuchatel :$bDelachaux & Niestlé,$c1968. 300 $axiii, 284 p. ;$c24 cm 490 1 $aBibliothèque théologique 500 $aComprende indici. 630 04$aBiblia.$pV.T.$xTeologia.$0(OLS)http://pul/subject/5023 830 0$aBibliothèque théologique.$0(OLS)http://pul/title/159 850 $aPUL 852 $aPUL$W1$xSL Religione 1$y3$m10 H 39$j32135$nBK-PRI$b $qStampati$B32135$CPULBib$Z2$F32135 $81 852 $aPUL$W1$xDP1 Fondo Pastorale$y55$mP1 D 37$j32136$nBK-PRI$b $qFondi$B32136$CPULBib$Z2$F32136 $HPUL29895 $81 852 $aPUL$W1$xDP1 Fondo Bordoni$y120$m3 E 74$j166668$qFondi$B174409$CPULBib$Z2$F174409 $81 941 1 $a8 941 1 $a1 961 $aINV: 29488. 996 $6245$aThéologie de l'Ancien Testament$9(OLS)http://pul/title/31916 996 $6260$aNeuchatel :$bDelachaux & Niestlé$9(OLS)http://pul/publisher/47915 LEADER 01881nam a2200385 u 4500 001 000000113651 003 CaOOAMICUS 005 20081024114305.0 008 081024s2005 it u000 u ita r 020 $a8839918388 040 $aPUL$bita$dLDB 041 1 $aita$hger 100 1 $aBonhoeffer, Dietrich,$d1906-1945.$0(OLS)http://pul/name/8147 240 10$aAkt und Sein.$lItaliano.$0(OLS)http://pul/title/57081 245 10$aAtto ed essere :$bfilosofia trascendentale ed ontologia nella teologia sistematica /$cDietrich Bonhoeffer. 250 $a2. ed. 260 $aBrescia :$bQueriniana,$c2005. 300 $a204 p. ;$c20 cm 490 1 $aBiblioteca di cultura ;$v08 490 1 $aOpere di Dietrich Bonhoeffer ;$v2 500 $aInclude indici. 500 $aEdizione critica in lingua tedesca a cura di Hans Richard Reuter ; Traduzione dal tedesco di Alberto Gallas e Carlo Danna. 504 $aNote bibliografiche. 650 4$aOntologia.$0(OLS)http://pul/subject/4424 650 4$aTeologia$ySec. XX.$0(OLS)http://pul/subject/1844 700 1 $aReuter, Hans-Richard,$d1947-$0(OLS)http://pul/name/26398 800 1 $aBonhoeffer, Dietrich,$d1906-1945.$tOpere ;$v02.$0(OLS)http://pul/nameTitle/825$0(OLS)http://pul/name/8147$0(OLS)http://pul/title/5258 830 0$aOpere di Dietrich Bonhoeffer ;$v2.$0(OLS)http://pul/title/87715 830 0$aBiblioteca di cultura (Queriniana) ;$v08.$0(OLS)http://pul/title/14202 850 $aPUL 852 $aPUL$W1$xSL Religione 3$y85$m230. 044 BONDI 1.2$j129849$qDDC 21$B128912$CPULBib$Z2$F128912 $H108428 $82 941 1 $a9 996 $6020$a8839918388$9(OLS)http://pul/number/85638 996 $6245$aAtto ed essere :$bfilosofia trascendentale ed ontologia nella teologia sistematica$9(OLS)http://pul/title/57082 996 $6260$aBrescia :$bQueriniana$9(OLS)http://pul/publisher/47906